[Event "Mumbai Wealth op U13 4th"]
[Site "Mumbai"]
[Date "2019.01.05"]
[Round "7"]
[White "Mayank, Chakraborty"]
[Black "Amrit, Raunak"]
[Result "1-0"]
[WhiteElo "1691"]
[BlackElo "1410"]
[PlyCount "74"]
[EventDate "2018.12.30"]
[EventType "swiss"]
[EventRounds "9"]
[EventCountry "IND"]
[SourceTitle "CBM 188 Extra"]
[Source "ChessBase"]
[SourceDate "2019.02.28"]
[SourceVersion "1"]
[SourceVersionDate "2019.02.28"]
[SourceQuality "1"]

1. e4 e5 2. Nf3 Nc6 3. Bb5 Nf6 4. 0-0 d6 5. d4 exd4 6. Nxd4 Bd7 7. Nc3 Nxd4 8. Bxd7+ Qxd7 9. Qxd4 Be7 10. Bg5 0-0 11. e5 Ne8 12. Bf4 Qf5 13. Nd5 Qd7 14. Nxe7+ Qxe7 15. exd6 Nxd6 16. Bxd6 Qxd6 17. Qxd6 cxd6 18. Rfd1 Rfd8 19. Rd4 Rac8 20. c4 Kf8 21. Rad1 Ke7 22. b3 Rc6 23. Re1+ Kd7 24. Rde4 Kc8 25. Re7 Rc7 26. f4 Rxe7 27. Rxe7 Rd7 28. Re8+ Kc7 29. Kf2 d5 30. cxd5 Rxd5 31. Rg8 Rd7 32. Rxg7 h5 33. Kg3 Rd2 34. Rxf7+ Kb6 35. f5 Rxa2 36. Re7 Ra1 37. Re3 Kc7 1-0